000
00262nam a22001217a 4500
020
_a
1-8442-2364-7
082
_a
823
_b
MUR/T
100
_a
MURRAY, W
245
_a
THINGS WE LIKE
260
_a
UK
_b
LADY BIRD
650
_a
CHAMAKKAD HERBAL PRODUCTS
_z
UK
942
_c
BK
999
_c
2534
_d
2534